00769nam a22001937a 450000500170000001000150001702000270003203500140005903700090007308200110008210000320009324500610012526000510018627001310023730000280036894200250039699900190042195201350044020240703164621.0 aENG-140744 c2795.00a9788195676965 aEN-124276 bDBAD a631.81 aChattopadhyay, P. K.968077 aFertilizers Manufacturing Handbook/cP. K. Chattopadhyay aDelhibNiir Project Consultancy Servicesc2019 bDelhia106-E, Opp. Spark Mall, Kamla Nagare110007k01123842955k01123845886k08800733955mnpcs.india@gmail.comminfo@niir.org axviii, 434p.c21cm (pb) 2ddccENh631.81mCHA c203924d203924 001040718NFICaDBADbDBADd2024-07-03eDBADg2795.00l0o631.81 CHApEN-124276r2024-07-03 00:00:00t1v2795.00w2024-07-03yEN